Na Na Na One Direction Lyrics Quiz Stats

 Plays Quiz not verified by Sporcle

Challenge
Share
Tweet
Embed
Score 0/167 Timer 10:00
0 Plays Today
% Correct
we
96.2%
we
96.2%
we
96.2%
we
96.2%
we
96.2%
we
96.2%
we
96.2%
we
96.2%
we
96.2%
we
96.2%
a
96.1%
the
96.1%
the
96.1%
the
96.1%
the
96.1%
and
96.1%
the
96.1%
the
96.1%
the
96.1%
na
92.5%
na
92.5%
na
92.5%
na
92.5%
na
92.5%
na
92.5%
na
92.5%
na
92.5%
na
92.5%
you
92.4%
you
92.4%
you
92.4%
you
92.4%
you
92.4%
you
92.4%
you
92.4%
you
92.4%
then
92%
then
92%
then
92%
then
92%
then
92%
then
92%
then
92%
go
90.9%
go
90.9%
got
89.5%
love
89.5%
got
89.5%
me
88.7%
me
88.7%
me
88.7%
of
88%
it
87.7%
it
87.7%
it
87.7%
it
87.7%
% Correct
to
87.4%
too
87.4%
hate
86.7%
hate
86.7%
we've
86.3%
we've
86.3%
bit
86.1%
yeah
86.1%
yeah
86.1%
yeah
86.1%
yeah
86.1%
yeah
86.1%
yeah
86.1%
like
85.1%
like
85.1%
like
85.1%
like
85.1%
say
83%
say
83%
say
83%
take
82.7%
edge
82.5%
up
82.5%
up
82.5%
up
82.5%
up
82.5%
up
82.5%
up
82.5%
up
82.5%
break
82.3%
break
82.3%
break
82.3%
make
82%
make
82%
make
82%
make
82%
make
82%
on
81.3%
all
81.1%
all
81.1%
all
81.1%
all
81.1%
we're
80.8%
we're
80.8%
we're
80.8%
hit
80%
it's
79.4%
it's
79.4%
time
78.9%
time
78.9%
time
78.9%
i
78.7%
i
78.7%
i
78.7%
i
78.7%
one
78.5%
% Correct
but
76.9%
but
76.9%
but
76.9%
but
76.9%
day
76.5%
over
74.7%
when
74.3%
when
74.3%
when
74.3%
when
74.3%
back
72.7%
so
72.7%
i'm
72.1%
always
70.9%
brakes
69%
song
68.7%
can't
68.7%
night
68.1%
begging
68%
long
66.2%
request
65.6%
our
65.2%
right
65.2%
turn
65.1%
think
64.3%
minds
64%
whole
63.3%
fight
62.9%
girl
62.9%
girl
62.9%
do
62%
do
62%
wrong
61.3%
no
61.3%
is
61.3%
that
60.1%
i'll
59.5%
party
58.8%
complain
58.5%
some
58.3%
even
58.3%
late
58%
you'll
57.2%
people
57.2%
cause
57.2%
same
56.3%
wanna
53.9%
okay
51.5%
insane
50.9%
drives
49.7%
know
48%
with
46.5%
get
45.2%
calling
41.2%
her
26%

You're not logged in!

Compare scores with friends on all Sporcle quizzes.
Join for Free
OR
Log In

You Might Also Like...

Show Comments

Extras

Created Feb 24, 2012ReportNominate
Tags:direction, One Direction

Top Quizzes Today


Score Distribution

Your Account Isn't Verified!

In order to create a playlist on Sporcle, you need to verify the email address you used during registration. Go to your Sporcle Settings to finish the process.

Report this User

Report this user for behavior that violates our Community Guidelines.

Details: